Loading...
| History - World History | 3 | 2 | 1 | 1 | 60 | 50 | 73.40 | 0 | 5 |
| History - American History | 1 | 4 | 1 | 1 | 50 | 67 | 86.00 | 2 | 4 |
| History - European History | 3 | 1 | 1 | 0 | 50 | 35 | 64.25 | 1 | 4 |
| Mythology | 2 | 1 | 0 | 0 | 40 | 64 | 88.00 | 2 | 3 |
| Fine Arts - Other Fine Arts | 0 | 4 | 0 | 1 | 40 | 76 | 107.00 | 0 | 4 |
| Literature - World Literature | 1 | 2 | 0 | 2 | 35 | 87 | 109.67 | 0 | 2 |
| Religion | 1 | 2 | 0 | 0 | 35 | 63 | 79.00 | 1 | 3 |
| Geography | 1 | 1 | 0 | 1 | 25 | 69 | 83.50 | 0 | 2 |
| Literature - British Literature | 0 | 3 | 1 | 1 | 25 | 95 | 103.00 | 1 | 3 |
| Pop Culture | 0 | 2 | 0 | 0 | 20 | 75 | 76.50 | 1 | 2 |
| Social Science | 0 | 2 | 0 | 0 | 20 | 96 | 105.00 | 1 | 2 |
| Science - Biology | 0 | 2 | 1 | 0 | 15 | 76 | 92.00 | 0 | 2 |
| Religion- Edited | 0 | 1 | 0 | 0 | 10 | 80 | 80.00 | 1 | 1 |
| Science - Chemistry | 0 | 1 | 0 | 1 | 10 | 135 | 135.00 | 0 | 0 |
| Literature - American Literature | 1 | 0 | 1 | 0 | 10 | 43 | 43.00 | 1 | 1 |
| Literature - European Literature | 1 | 0 | 1 | 0 | 10 | 21 | 21.00 | 0 | 1 |
| Fine Arts - Visual Fine Arts | 0 | 1 | 0 | 1 | 10 | 136 | 136.00 | 0 | 0 |
| Mythology- Edited | 0 | 1 | 0 | 0 | 10 | 80 | 80.00 | 0 | 1 |
| Philosophy | 0 | 1 | 0 | 1 | 10 | 141 | 141.00 | 0 | 1 |
| History - Other History | 0 | 0 | 2 | 0 | -10 | 0.00 | 0 | 0 |